[Event "AZE vs World Rapid"]
[Site "Baku AZE"]
[Date "2009.05.07"]
[Round "1"]
[White "Kramnik, V."]
[Black "Gashimov, V."]
[Result "1/2-1/2"]
[WhiteElo "2759"]
[BlackElo "2730"]
[PlyCount "80"]
[EventDate "2009.05.07"]

1. Nf3 Nf6 2. c4 c5 3. Nc3 Nc6 4. g3 g6 5. Bg2 d6 6. a3 Bg7 7. Rb1 O-O 8. b4
cxb4 9. axb4 d5 10. b5 Na5 11. cxd5 Nxd5 12. Nxd5 Qxd5 13. Qa4 Nc4 14. O-O Nb6
15. Qb4 Qd8 16. Bb2 Nd5 17. Qh4 Nf6 18. d3 a5 19. Rfc1 Bd7 20. Ba3 Rc8 21. Rxc8
Bxc8 22. b6 Nd5 23. Rc1 h6 24. Nd2 g5 25. Qc4 Nxb6 26. Qc7 Qxc7 27. Rxc7 Re8
28. Bxb7 Bxb7 29. Rxb7 Nd5 30. Nc4 a4 31. e4 Nc3 32. Bxe7 Ne2+ 33. Kg2 Nc1 34.
Ba3 Nxd3 35. Nd6 Re6 36. Ra7 Ne1+ 37. Kf1 Nc2 38. Bc5 a3 39. Nf5 Rxe4 40. Nxg7
Kxg7 1/2-1/2

[Event "AZE vs World Rapid"]
[Site "Baku AZE"]
[Date "2009.05.07"]
[Round "1"]
[White "Mamedyarov, S."]
[Black "Shirov, A."]
[Result "1-0"]
[WhiteElo "2725"]
[BlackElo "2745"]
[PlyCount "145"]
[EventDate "2009.05.07"]

1. d4 Nf6 2. c4 g6 3. f3 d5 4. cxd5 Nxd5 5. e4 Nb6 6. Nc3 Bg7 7. Be3 O-O 8. f4
Nc6 9. d5 Na5 10. Bd4 e5 11. Bxe5 Bxe5 12. fxe5 Qh4+ 13. g3 Qe7 14. Qd4 Rd8 15.
b4 Nac4 16. Bxc4 Qxb4 17. Nf3 Qxc4 18. Qe3 c6 19. Rc1 Bg4 20. Nd2 Qb4 21. O-O
cxd5 22. exd5 Nxd5 23. Nxd5 Rxd5 24. Ne4 Qd4 25. Nf6+ Kg7 26. Nxd5 Qxd5 27. Rc7
Be6 28. a3 b5 29. h4 h5 30. Rf2 Rd8 31. Rxa7 Qd1+ 32. Rf1 Qc2 33. Qf2 Qxf2+ 34.
Rxf2 Rd3 35. Kh2 Re3 36. Rb2 Bc4 37. Ra5 g5 38. hxg5 Kg6 39. Rf2 Rxe5 40. a4
Rxg5 41. Ra6+ Kg7 42. a5 b4 43. Ra7 Be6 44. Re2 Kg6 45. Ra8 Kg7 46. Ra7 Kg6 47.
Re4 Rb5 48. a6 b3 49. Rb7 Ra5 50. a7 Bd5 51. Rb6+ Kg7 52. Re5 Ra2+ 53. Kg1 Be6
54. Rb7 Kg6 55. Reb5 Bc4 56. Rc5 Be6 57. Rcc7 Bd5 58. Rb6+ Kg7 59. Rc5 Be6 60.
Rb7 Kg6 61. Re5 Ra1+ 62. Kf2 Ra2+ 63. Ke3 Ra4 64. Kd3 Ra1 65. Kc3 Rc1+ 66. Kb2
Rc2+ 67. Kb1 Ra2 68. Kc1 Rc2+ 69. Kb1 Ra2 70. Re2 Ra4 71. Rd2 Kg5 72. Rd8 Ra2
73. Rb5+ 1-0

[Event "AZE vs World Rapid"]
[Site "Baku AZE"]
[Date "2009.05.07"]
[Round "1"]
[White "Karjakin, Sergey"]
[Black "Guseinov, G."]
[Result "1/2-1/2"]
[WhiteElo "2721"]
[BlackElo "2659"]
[PlyCount "124"]
[EventDate "2009.05.07"]

1. e4 c5 2. Nf3 g6 3. d4 cxd4 4. Qxd4 Nf6 5. e5 Nc6 6. Qa4 Nd5 7. Qe4 Nc7 8.
Nc3 Bg7 9. Bf4 b5 10. O-O-O b4 11. Nd5 Nxd5 12. Qxd5 e6 13. Qe4 h6 14. h4 Qc7
15. Bb5 Qb6 16. Qc4 Ne7 17. Be3 Qa5 18. Bc5 a6 19. Bxe7 Kxe7 20. Qc5+ Kd8 21.
Nd4 Bf8 22. Nc6+ Ke8 23. Qxf8+ Rxf8 24. Nxa5 axb5 25. Nb3 Bb7 26. f3 Rxa2 27.
Kb1 Ra7 28. Nc5 Bd5 29. b3 f6 30. exf6 Rxf6 31. Nd3 Ke7 32. Nxb4 Ba8 33. Kb2
Rc7 34. Rd4 Rf5 35. Ra1 Bc6 36. Rad1 Bb7 37. Rg4 g5 38. Rh1 Rcc5 39. Nd3 Rcd5
40. Kc3 Bc6 41. Rh2 Rf8 42. hxg5 Rxg5 43. Rgh4 Rf6 44. Kd4 d6 45. Ke3 e5 46.
Nf2 Rfg6 47. Rg4 Bd7 48. Rxg5 Rxg5 49. g4 Rg6 50. Rh5 Bc6 51. Nd3 Bd7 52. c4
bxc4 53. bxc4 Rf6 54. c5 e4 55. cxd6+ Kxd6 56. fxe4 Bxg4 57. e5+ Ke6 58. Rh4
Rf3+ 59. Ke4 h5 60. Nf4+ Ke7 61. Nxh5 Bxh5 62. Rxh5 Ra3 1/2-1/2

[Event "AZE vs World Rapid"]
[Site "Baku AZE"]
[Date "2009.05.07"]
[Round "2"]
[White "Anand, V."]
[Black "Gashimov, V."]
[Result "1-0"]
[WhiteElo "2783"]
[BlackElo "2730"]
[PlyCount "81"]
[EventDate "2009.05.07"]

1. d4 Nf6 2. c4 e6 3. Nf3 c5 4. g3 cxd4 5. Nxd4 Bb4+ 6. Bd2 Bc5 7. Nb3 Be7 8.
Bg2 Nc6 9. O-O b6 10. Nc3 Ba6 11. Nb5 Rc8 12. a4 d5 13. cxd5 Nxd5 14. e4 Nf6
15. Qe2 O-O 16. Rfd1 Qc7 17. Bc3 e5 18. Nd2 Qb8 19. Nc4 Bc5 20. Qe1 Ng4 21. Rd2
Rfd8 22. Rad1 Rxd2 23. Rxd2 Rd8 24. h3 Rxd2 25. Qxd2 Nf6 26. b4 Bf8 27. f4 Bb7
28. fxe5 Ne8 29. Nbd6 Nc7 30. Ne3 Ba8 31. b5 Nd8 32. Nd5 Nxd5 33. exd5 Bxd6 34.
exd6 Qxd6 35. Qe3 Kf8 36. Qd4 Qg6 37. Bb4+ Kg8 38. Kh2 f6 39. Qc4 Bb7 40. Be7
Nf7 41. Qc7 1-0

[Event "AZE vs World Rapid"]
[Site "Baku AZE"]
[Date "2009.05.07"]
[Round "2"]
[White "Shirov, A."]
[Black "Guseinov, G."]
[Result "1-0"]
[WhiteElo "2745"]
[BlackElo "2659"]
[PlyCount "55"]
[EventDate "2009.05.07"]

1. e4 c5 2. Nf3 g6 3. d4 cxd4 4. Nxd4 Nc6 5. Nc3 Bg7 6. Be3 Nf6 7. Bc4 O-O 8.
Bb3 d6 9. h3 Na5 10. Qd2 b6 11. O-O-O Bb7 12. f3 Nxb3+ 13. axb3 a6 14. Bh6 Qc7
15. h4 Bxh6 16. Qxh6 e5 17. Nf5 Ne8 18. Ne3 Rc8 19. h5 b5 20. Rd2 b4 21. Ncd5
Bxd5 22. Nxd5 Qb7 23. g4 Rc5 24. g5 Rxd5 25. exd5 Qd7 26. Rdh2 Ng7 27. hxg6
fxg6 28. Qxh7+ 1-0

[Event "AZE vs World Rapid"]
[Site "Baku AZE"]
[Date "2009.05.08"]
[Round "5"]
[White "Mamedyarov, S."]
[Black "Anand, V."]
[Result "1/2-1/2"]
[WhiteElo "2725"]
[BlackElo "2783"]
[PlyCount "85"]
[EventDate "2009.05.07"]

1. d4 Nf6 2. c4 e6 3. Nf3 d5 4. Nc3 dxc4 5. e3 a6 6. a4 c5 7. Bxc4 Nc6 8. O-O
Be7 9. Ne5 cxd4 10. Nxc6 bxc6 11. exd4 O-O 12. b3 Bb7 13. Be3 Nd5 14. Rc1 Rc8
15. Qe2 Nxe3 16. fxe3 c5 17. d5 exd5 18. Bxd5 Bxd5 19. Rcd1 c4 20. Rxd5 Qc7 21.
bxc4 Qxc4 22. Rd3 Rfd8 23. Rxd8+ Bxd8 24. Qf3 f6 25. Rc1 Qc6 26. Ne2 Qxf3 27.
gxf3 Rxc1+ 28. Nxc1 Kf7 29. e4 f5 30. Nd3 fxe4 31. fxe4 Be7 32. Kg2 Ke6 33. Kf3
g5 34. Kg4 Kf6 35. Kh5 Bf8 36. h3 h6 37. a5 Be7 38. Kxh6 Bd8 39. Nc5 Bxa5 40.
Nxa6 Bd2 41. Kh5 Ke5 42. Nc5 Be3 43. h4 1/2-1/2

[Event "AZE vs World Rapid"]
[Site "Baku AZE"]
[Date "2009.05.09"]
[Round "6"]
[White "Karjakin, Sergey"]
[Black "Mamedyarov, S."]
[Result "1/2-1/2"]
[WhiteElo "2721"]
[BlackElo "2725"]
[PlyCount "63"]
[EventDate "2009.05.07"]

1. e4 c5 2. Nf3 e6 3. d4 cxd4 4. Nxd4 Nc6 5. Nc3 a6 6. Nxc6 bxc6 7. Qd3 Qc7 8.
Qg3 Qxg3 9. hxg3 Rb8 10. g4 d5 11. g5 f6 12. gxf6 Nxf6 13. Bd3 Bd6 14. O-O O-O
15. Re1 Bc5 16. exd5 cxd5 17. Na4 Bd6 18. b3 e5 19. f3 Bd7 20. Bd2 Rbc8 21. Nb6
Bc5+ 22. Be3 Bxe3+ 23. Rxe3 Rc6 24. Nxd7 Nxd7 25. c4 d4 26. Re2 a5 27. Be4 Rc7
28. Bd5+ Kh8 29. a3 h6 30. b4 axb4 31. axb4 Nb6 32. Rxe5 1/2-1/2

[Event "AZE vs World Rapid"]
[Site "Baku AZE"]
[Date "2009.05.09"]
[Round "6"]
[White "Guseinov, G."]
[Black "Shirov, A."]
[Result "1/2-1/2"]
[WhiteElo "2659"]
[BlackElo "2745"]
[PlyCount "63"]
[EventDate "2009.05.07"]

1. e4 e5 2. Nf3 Nc6 3. Bb5 Nf6 4. d4 exd4 5. e5 Ne4 6. O-O a6 7. Bxc6 dxc6 8.
Nxd4 Bc5 9. c3 O-O 10. Re1 f5 11. f3 Ng5 12. Be3 f4 13. Bf2 Ne6 14. Qb3 Qd5 15.
Nd2 Nxd4 16. Bxd4 Bxd4+ 17. cxd4 Be6 18. Qxd5 Bxd5 19. Ne4 a5 20. Nc3 Rad8 21.
Rad1 Kf7 22. Kf2 Ke7 23. Rd2 Rd7 24. Na4 b6 25. b3 Be6 26. Red1 Rfd8 27. Ke1 g5
28. Nc3 Bd5 29. Rc1 Be6 30. Rcd1 Bd5 31. Rc1 Be6 32. Rcd1 1/2-1/2

[Event "AZE vs World Rapid"]
[Site "Baku AZE"]
[Date "2009.05.09"]
[Round "7"]
[White "Guseinov, G."]
[Black "Karjakin, Sergey"]
[Result "0-1"]
[WhiteElo "2659"]
[BlackElo "2721"]
[PlyCount "72"]
[EventDate "2009.05.07"]

1. e4 e5 2. Nf3 Nc6 3. Bb5 Nf6 4. d4 exd4 5. e5 Ne4 6. O-O a6 7. Bxc6 dxc6 8.
Nxd4 Bc5 9. c3 O-O 10. Re1 f5 11. f3 Ng5 12. Bxg5 Qxg5 13. Qb3+ Kh8 14. Na3 Qe7
15. Kh1 Bxa3 16. bxa3 c5 17. Nc2 b6 18. c4 f4 19. a4 Be6 20. Qc3 a5 21. Na3 Rf5
22. Re4 Raf8 23. Nb5 Rh5 24. Qd2 g5 25. Kg1 Qg7 26. h3 Bxh3 27. gxh3 Rxh3 28.
Re2 g4 29. Rh2 gxf3+ 30. Kh1 Rg3 31. Qf2 Rg8 32. Rd1 Rg2 33. Rxg2 fxg2+ 34. Kg1
Qh6 35. Qxg2 Rxg2+ 36. Kxg2 Qg5+ 0-1

[Event "AZE vs World Rapid"]
[Site "Baku AZE"]
[Date "2009.05.09"]
[Round "7"]
[White "Shirov, A."]
[Black "Mamedyarov, S."]
[Result "1-0"]
[WhiteElo "2745"]
[BlackElo "2725"]
[PlyCount "83"]
[EventDate "2009.05.07"]

1. e4 c5 2. Nf3 e6 3. d4 cxd4 4. Nxd4 Nc6 5. Nc3 a6 6. Be3 Nf6 7. f4 Bb4 8. Bd3
e5 9. fxe5 Nxe5 10. O-O d6 11. Kh1 Bxc3 12. bxc3 h6 13. Nf3 Nfg4 14. Bd4 O-O
15. Qe1 Qe7 16. Qg3 Ng6 17. e5 dxe5 18. Rae1 Be6 19. h3 exd4 20. hxg4 Qd7 21.
g5 h5 22. cxd4 Rae8 23. c4 Bg4 24. d5 b5 25. Nh2 bxc4 26. Bxc4 Bf5 27. Nf3 Be4
28. d6 Qc6 29. Rc1 Bd5 30. Bd3 Qb6 31. Rc7 Bxf3 32. Qxf3 Ne5 33. Qxh5 Nxd3 34.
Rcxf7 Nf4 35. R7xf4 Qxd6 36. Rf7 Qe5 37. Qg6 Rd8 38. a4 a5 39. Qh5 Rde8 40. Qf3
Qd6 41. g6 Qb4 42. Rxf8+ 1-0

[Event "AZE vs World Rapid"]
[Site "Baku AZE"]
[Date "2009.05.09"]
[Round "8"]
[White "Shirov, A."]
[Black "Gashimov, V."]
[Result "1/2-1/2"]
[WhiteElo "2745"]
[BlackElo "2730"]
[PlyCount "86"]
[EventDate "2009.05.07"]

1. e4 e5 2. Nf3 Nf6 3. Nxe5 d6 4. Nf3 Nxe4 5. d4 d5 6. Bd3 Nc6 7. O-O Be7 8.
Nc3 Bf5 9. Re1 Nxc3 10. bxc3 Bxd3 11. cxd3 O-O 12. Qb3 Rb8 13. Bf4 Bd6 14. Bxd6
Qxd6 15. Re3 b5 16. Ne5 a5 17. Rae1 b4 18. Qa4 Nxe5 19. dxe5 Qb6 20. d4 c5 21.
dxc5 Qxc5 22. cxb4 Rxb4 23. Qd7 h6 24. h3 Rb2 25. a3 Qc2 26. Rf3 Rb1 27. Rxb1
Qxb1+ 28. Kh2 Qe4 29. Qc7 a4 30. Re3 Qf4+ 31. Kg1 d4 32. Qc4 Rd8 33. Rf3 Qxe5
34. Qxf7+ Kh8 35. Qc4 Qe1+ 36. Kh2 Qe5+ 37. g3 Qe4 38. Rf4 Qe7 39. Qd3 Qd7 40.
h4 Qd5 41. Rf3 Qd7 42. Rf4 Qd5 43. Rf3 Qd7 1/2-1/2